00317nam a2200121Ia 4500008004100000041000800041082001500049100000800064245004500072260004100117300003000158365000700188240624s9999 xx 000 0 und d aeng a005.74 IBM aIBM aDB2 UNIVERSAL DATABASE ADMINISTRATION FO c2005aNew DelhibPrentice Hall-India axv, : 568 : p. : cm. ; 23 cRS